Mimosúdne uplatňovanie pohľadávok

Prístupy a formy k uplatňovaniu pohľadávok po lehote splatnosti z obchodnej činnosti. Mimosúdne vymáhanie pohľadávok na základe mandátnej zmluvy. Dohodnuté podmienky Mandátnej zmluvy. Postúpenie pohľadávok. Zmluvy o odplatném postúpení pohľadávky uzavretá podľa ­ 524 a nasl. Občianskeho zákonníka. P...

Description complète

Enregistré dans:
Détails bibliographiques
Auteur principal: Szabó, Alexander
Format: Chapitre de livre
Langue:slovaque
Sujets:
Tags: Ajouter un tag
Pas de tags, Soyez le premier à ajouter un tag!

MARC

LEADER 00000naa a2200000 4500
001 r033508
005 20230912112650.4
041 0 |a slo 
044 |a SK 
245 1 0 |a Mimosúdne uplatňovanie pohľadávok  |c Alexander Szabó 
520 |a Prístupy a formy k uplatňovaniu pohľadávok po lehote splatnosti z obchodnej činnosti. Mimosúdne vymáhanie pohľadávok na základe mandátnej zmluvy. Dohodnuté podmienky Mandátnej zmluvy. Postúpenie pohľadávok. Zmluvy o odplatném postúpení pohľadávky uzavretá podľa ­ 524 a nasl. Občianskeho zákonníka. Platobná neschopnosť podnikov. Podnikanie bez skúseností v zahraničnej obchodnej činnosti. 
610 2 0 |a vymáhanie pohľadávok 
610 2 0 |a pohľadávky 
610 2 0 |a veritelia 
610 2 0 |a zákonník obchodný 
610 2 0 |a zákonník občiansky 
610 2 0 |a zmluvy 
100 1 |a Szabó, Alexander